پيما ن قلم (Record no. 92358)
[ view plain ]
| 000 -LEADER | |
|---|---|
| fixed length control field | 00642nam a22002057a 4500 |
| 005 - DATE AND TIME OF LATEST TRANSACTION | |
| control field | 20150320144440.0 |
| 008 - FIXED-LENGTH DATA ELEMENTS--GENERAL INFORMATION | |
| fixed length control field | 140714b xxu||||| |||| 00| 0 Urdu d |
| 010 ## - LCCN (DPL NO) | |
| LC control number | UR-8756 |
| 020 q# - INTERNATIONAL STANDARD BOOK NUMBER | |
| Terms of availability | 250.00 |
| 035 ## - SYSTEM CONTROL NUMBER | |
| System control number | U-7311 |
| 037 ## - SOURCE OF ACQUISITION | |
| Source of stock number/acquisition | DBAD/Pub. |
| 040 ## - CATALOGING SOURCE | |
| Original cataloging agency | DPL |
| Language of cataloging | Urdu |
| 082 ## - DEWEY DECIMAL CLASSIFICATION NUMBER | |
| Classification number | 841 |
| 100 ## - MAIN ENTRY--PERSONAL NAME | |
| Personal name | محمد مختا ر نز ير محمد |
| 245 ## - TITLE STATEMENT | |
| Title | پيما ن قلم |
| Remainder of title | محمد مختا ر نز ير محمد |
| 246 ## - VARYING FORM OF TITLE | |
| Title proper/short title | Paiman-e-Qalam |
| Remainder of title | BY Mukhtar Ashiqui Jaunpuri |
| 260 ## - PUBLICATION, DISTRIBUTION, ETC. (IMPRINT) | |
| Place of publication, distribution, etc | Ahmadabad-382405(Gujrat) |
| Name of publisher, distributor, etc | Mohd.Salman MumtazAhmed Sheikh |
| Date of publication, distribution, etc | 2013 |
| 270 ## - ADDRESS | |
| Address | 23,Iqra Duplex,Near Sada ki Dhabi,Narol, |
| 300 ## - PHYSICAL DESCRIPTION | |
| Extent | 232ص |
| Other physical details | 22Cm.(Pb.) |
No items available.
